NLSUI OPAC header image

The age of ai and our human future / (Record no. 211562)

MARC details
000 -LEADER
fixed length control field 00878nam a22002057a 4500
003 - CONTROL NUMBER IDENTIFIER
control field OSt
005 - DATE AND TIME OF LATEST TRANSACTION
control field 20260420140954.0
008 - FIXED-LENGTH DATA ELEMENTS--GENERAL INFORMATION
fixed length control field 221129b2021 |||||||| |||| 00| 0 eng
020 ## - INTERNATIONAL STANDARD BOOK NUMBER
International Standard Book Number 9781529375978 (hbk)
082 ## - DEWEY DECIMAL CLASSIFICATION NUMBER
Classification number 006.301 KIS
100 ## - MAIN ENTRY--PERSONAL NAME
Personal name Kissinger Henry A.
245 ## - TITLE STATEMENT
Title The age of ai and our human future /
Remainder of title Henry A. Kissinger, Eric Schmidt and Daniel Huttenlocher
260 ## - PUBLICATION, DISTRIBUTION, ETC.
Place of publication, distribution, etc. London :
Name of publisher, distributor, etc. John Murray,
Date of publication, distribution, etc. 2021.
505 ## - Contents
Contents Where we are;<br/>How we got here : technology and human thought;<br/>From Turing to today--and beyond;<br/>Global network platforms;<br/>Security and world order;<br/>AI and human identity;<br/>AI and the future;<br/>Acknowledgements;<br/>Notes;<br/>Index
650 ## - SUBJECT ADDED ENTRY--TOPICAL TERM
Topical term or geographic name entry element Artificial Intelligence - Social Aspects - Philosophy - Forecasting
650 ## - SUBJECT ADDED ENTRY--TOPICAL TERM
Topical term or geographic name entry element Technology - Social Change
700 ## - ADDED ENTRY--PERSONAL NAME
Personal name Schmidt, Eric
700 ## - ADDED ENTRY--PERSONAL NAME
Personal name Huttenlocher, Daniel
942 ## - ADDED ENTRY ELEMENTS (KOHA)
Source of classification or shelving scheme Dewey Decimal Classification
Koha item type BOOKs
Holdings
Withdrawn status Lost status Source of classification or shelving scheme Materials specified (bound volume or other part) Damaged status Not for loan Home library Current library Shelving location Date acquired Source of acquisition Cost, normal purchase price Total Checkouts Total Renewals Full call number Barcode Date last seen Date last checked out Price effective from Koha item type
    Dewey Decimal Classification HB     NLS NLS General Stacks 29/11/2022 Purchased 799.00 3 2 006.3 KIS 38946 20/04/2026 01/04/2026 29/11/2022 BOOKs